Normal view
MARC view
- Stensel, Peter Tung, Andrew Seng, Soh Beng
Entry Personal Name
001 - CONTROL NUMBER
- control field: 58638
003 - CONTROL NUMBER IDENTIFIER
- control field: NUST
005 - DATE AND TIME OF LATEST TRANSACTION
- control field: 20210628202201.0
008 - FIXED-LENGTH DATA ELEMENTS
- fixed length control field: 210628|| aca||aabn | a|a d
040 ## - CATALOGING SOURCE
- Original cataloging agency: NUST
- Transcribing agency: NUST
100 ## - HEADING--PERSONAL NAME
- Personal name: Stensel, Peter Tung, Andrew Seng, Soh Beng
670 ## - SOURCE DATA FOUND
- Source citation: Work cat.: (NUST): Stensel, Peter Tung, Andrew Seng, Soh Beng, Keeping up with design technology, for upper secondary, 2000
